[Event "AUTO-OPEN-440"]
[Site "http://www.queenalice.com/game.php?id=125165"]
[Date "2006.11.4"]
[Round "1"]
[White "marcos_excel"]
[Black "omicron"]
[Result "1-0"]
[WhiteElo "1638"]
[BlackElo "1893"]

1. e4 c6 2. Nf3 d5 3. Bd3 dxe4 4. Bxe4 Na6 5. Ne5 Qd4 6. O-O Qxe5 7. Re1 Qc7 8.
Qf3 Nf6 9. h3 Nxe4 10. Rxe4 g6 11. Nc3 Bf5 12. Rf4 Bh6 13. Rh4 1-0

[Event "AUTO-OPEN-440"]
[Site "http://www.queenalice.com/game.php?id=125166"]
[Date "2006.11.4"]
[Round "1"]
[White "omicron"]
[Black "alexsoncini"]
[Result "0-1"]
[WhiteElo "1980"]
[BlackElo "1981"]

1. e4 e5 2. Nf3 Nc6 3. Bb5 Nge7 4. O-O g6 5. Nc3 Bg7 6. d3 a6 7. Bc4 Na5 8. Bd5
c6 9. Bxf7+ Kxf7 10. b4 b5 11. bxa5 Rf8 12. a4 b4 13. Na2 c5 14. c3 h6 15. cxb4
d6 16. bxc5 dxc5 0-1

[Event "AUTO-OPEN-440"]
[Site "http://www.queenalice.com/game.php?id=125167"]
[Date "2006.11.4"]
[Round "1"]
[White "alexsoncini"]
[Black "omicron"]
[Result "1-0"]
[WhiteElo "1964"]
[BlackElo "2001"]

1. d4 Nf6 2. c4 e6 3. Nc3 Bb4 4. Bd2 O-O 5. a3 Be7 6. e4 d5 7. e5 Ne4 8. Nxe4
dxe4 9. Bc3 Nc6 10. f3 f5 11. f4 Qd7 12. d5 Nd8 13. Qd2 Nf7 14. O-O-O Rd8 15.
Be2 exd5 16. cxd5 Qa4 17. Qc2 1-0

[Event "Challenge"]
[Site "http://www.queenalice.com/game.php?id=125301"]
[Date "2006.11.4"]
[Round "-"]
[White "omicron"]
[Black "Tenna"]
[Result "1-0"]
[WhiteElo "1737"]
[BlackElo "1833"]

1. e4 d6 2. Nf3 Nf6 3. Nc3 g6 4. Bc4 Bg7 5. e5 dxe5 6. Nxe5 O-O 7. d4 Nbd7 8.
O-O c5 9. Re1 cxd4 10. Qxd4 Nxe5 11. Qxe5 Re8 12. Bg5 Bf5 13. Rad1 Qb6 14. Qb5
Qxb5 15. Bxb5 Red8 16. Rxd8+ Rxd8 17. Rxe7 Bd7 18. Rxd7 Rxd7 19. Bxf6 Rd2 20.
Bxg7 Kxg7 21. Bd3 b5 22. b4 1-0

[Event "Challenge"]
[Site "http://www.queenalice.com/game.php?id=125309"]
[Date "2006.11.4"]
[Round "-"]
[White "omicron"]
[Black "bohinky"]
[Result "1/2-1/2"]
[WhiteElo "1880"]
[BlackElo "1939"]

1. e4 d5 2. e5 c5 3. f4 Bf5 4. Nf3 e6 5. Be2 Nc6 6. O-O Nh6 7. b3 Be7 8. Nc3 O-O
9. d3 Bg6 10. Kh1 Nf5 11. g4 Nfd4 12. Bb2 f6 13. exf6 Rxf6 14. Nh4 Bd6 15. Nxg6
hxg6 16. Qd2 Qc7 17. f5 gxf5 18. g5 Rff8 19. Bh5 f4 20. Ne2 Qe7 21. Nxd4 Nxd4
22. Qg2 f3 23. Bxf3 Nxf3 24. Rxf3 Rxf3 25. Qxf3 Rf8 26. Qe2 e5 27. Qg2 Rf5 28.
Qxd5+ Qf7 29. Qxf7+ Kxf7 30. Bc3 Rxg5 31. Re1 b5 32. Bd2 Rg4 33. h3 Rg3 34. Re3
Rxe3 35. Bxe3 b4 36. Kg2 Ke6 37. Kf2 Kf5 38. Kf3 g6 39. Bc1 a6 40. a4 Be7 41.
Bd2 Bg5 42. Be1 Bh6 43. Bf2 Bf8 44. Be3 Bd6 1/2-1/2

[Event "AUTO-OPEN-442"]
[Site "http://www.queenalice.com/game.php?id=125932"]
[Date "2006.11.6"]
[Round "1"]
[White "omicron"]
[Black "piemme"]
[Result "1-0"]
[WhiteElo "1946"]
[BlackElo "1496"]

1. e4 e5 2. Nf3 d6 3. Nc3 Nf6 4. d4 Bg4 5. dxe5 dxe5 6. Qxd8+ Kxd8 7. Nxe5 Ke7
8. Nxg4 h5 9. Nxf6 gxf6 10. Nd5+ Kd7 11. Nxf6+ Kc8 12. g3 Rh6 13. Bh3+ Kd8 14.
Bxh6 Bxh6 15. Rd1+ Ke7 16. Nd5+ Kd6 17. Nb6+ 1-0

[Event "AUTO-OPEN-442"]
[Site "http://www.queenalice.com/game.php?id=125957"]
[Date "2006.11.6"]
[Round "1"]
[White "omicron"]
[Black "coolkacheek"]
[Result "0-1"]
[WhiteElo "1797"]
[BlackElo "1916"]

1. e4 c5 2. c3 d5 3. Bb5+ Bd7 4. Bxd7+ Qxd7 5. exd5 Qxd5 6. Nf3 Nc6 7. O-O Nf6
8. Na3 e6 9. d3 Be7 10. Qe2 O-O 11. Rd1 a6 12. Nc4 Bd8 13. Bf4 b5 14. Ne3 Qd7
15. d4 c4 16. a4 Bc7 17. Ne5 Nxe5 18. dxe5 Nd5 0-1

[Event "AUTO-OPEN-442"]
[Site "http://www.queenalice.com/game.php?id=125958"]
[Date "2006.11.6"]
[Round "1"]
[White "coolkacheek"]
[Black "omicron"]
[Result "1-0"]
[WhiteElo "1944"]
[BlackElo "1797"]

1. e4 e5 2. Nf3 Nc6 3. Bb5 a6 4. Bxc6 dxc6 5. O-O Bg4 6. h3 Bxf3 7. Qxf3 Nf6 8.
d3 Bc5 9. Nc3 Qe7 10. Be3 Rd8 11. a3 O-O 12. Rfe1 a5 13. Na4 Bxe3 14. Qxe3 Nh5
15. Nc3 Rd6 16. Rad1 Nf4 17. Ne2 Nxe2+ 18. Rxe2 1-0

[Event "AUTO-OPEN-442"]
[Site "http://www.queenalice.com/game.php?id=125959"]
[Date "2006.11.6"]
[Round "1"]
[White "omicron"]
[Black "xmas"]
[Result "1-0"]
[WhiteElo "1935"]
[BlackElo "1548"]

1. e4 e5 2. Nf3 Nc6 3. Bb5 a6 4. Ba4 b5 5. Bb3 Nf6 6. O-O Nxe4 7. Re1 d5 8. Nc3
Nf6 9. Nxe5 Nxe5 10. d4 Bg4 11. Rxe5+ Be7 12. Qe1 c6 13. Bg5 Ra7 14. Bxf6 gxf6
15. Re3 Qa5 16. f3 Be6 17. Qg3 Qc7 18. Qg7 Rf8 19. g3 h5 20. Qh7 b4 21. Ne2 h4
22. Qxh4 f5 23. Qh7 c5 24. Ba4+ Kd8 25. Nf4 cxd4 26. Rxe6 Bd6 27. Rae1 Bxf4 28.
Re8+ Rxe8 29. Rxe8# 1-0

[Event "AUTO-OPEN-442"]
[Site "http://www.queenalice.com/game.php?id=125960"]
[Date "2006.11.6"]
[Round "1"]
[White "xmas"]
[Black "omicron"]
[Result "0-1"]
[WhiteElo "1559"]
[BlackElo "1888"]

1. e4 e5 2. Nf3 Nc6 3. Bc4 Nf6 4. d3 h6 5. Nc3 Bc5 6. O-O O-O 7. Nb5 d6 8. d4
exd4 9. a3 Bg4 10. Be2 Bxf3 11. Bxf3 a6 12. Nxc7 Qxc7 13. Bf4 Rae8 14. b4 Ba7
15. Qd2 Nxe4 16. Bxe4 Rxe4 17. f3 Re2 18. Qxe2 d3+ 19. Qf2 Bxf2+ 20. Rxf2 dxc2
21. Rxc2 Qb6+ 22. Kf1 Qd4 23. Rd2 Qxa1+ 24. Kf2 Re8 25. Bxd6 Qe1# 0-1

[Event "AUTO-MASTER-227"]
[Site "http://www.queenalice.com/game.php?id=128529"]
[Date "2006.11.12"]
[Round "1"]
[White "omicron"]
[Black "dstrutz"]
[Result "0-1"]
[WhiteElo "1822"]
[BlackElo "1896"]

1. e4 Nf6 2. e5 Nd5 3. d4 d6 4. Nf3 Bf5 5. Bc4 c6 6. O-O e6 7. Nc3 Nxc3 8. bxc3
Be7 9. Rb1 Qc7 10. Bd3 Bxd3 0-1